"… Frankfurt, das glückliche Frankfurt …" Das zentrale Entlassungslager Gronenfelde (Titelsatznr. 75384)
[ MARC ]
| 000 -Satzkennung | |
|---|---|
| Kontrollfeld mit fester Länge | 00437naa a2200145 4500 |
| 001 - Kontrollnummer | |
| Kontrollfeld | 14913 |
| 005 - Datum und Zeit der letzten Transaktion | |
| Kontrollfeld | 20201125173147.0 |
| 007 - Feld mit fester Länge zur physischen Beschreibung - Allgemeine Information | |
| Kontrollfeld mit fester Länge | tu |
| 008 - Feld mit fester Länge zur physischen Beschreibung - Allgemeine Angaben | |
| Kontrollfeld mit fester Länge | 080820|||||||||||| |
| 100 1# - Haupteintragung - Personenname | |
| Personenname | Kaminsky, Annette |
| 245 00 - Titel | |
| Titel | "… Frankfurt, das glückliche Frankfurt …" Das zentrale Entlassungslager Gronenfelde |
| 650 04 - Nebeneintragung unter einem Schlagwort - Sachschlagwort | |
| Sachschlagwort oder geografischer Name als Eintragungselement | Entlassungslager Gronenfelde |
| 650 04 - Nebeneintragung unter einem Schlagwort - Sachschlagwort | |
| Sachschlagwort oder geografischer Name als Eintragungselement | Frankfurt (Oder) |
| 773 0# - Übergeordnete Einheit | |
| Ort, Verlag und Erscheinungsjahr | München : Beck, 1998 |
| Verknüpfungsangaben | S. 70 - 95 |
| Titel | Heimkehr 1948 |
| Datensatzkontrollnummer | 10095 |
| Ausgeschieden | Verloren | Klassifikation oder Aufstellungssystematik | Beschädigt | Nicht entleihbar | Heimatbibliothek | Aufenthaltsbibliothek | Erwerbungsdatum | Anzahl Ausleihen | Signatur | Letzte Aktivität | Preis gültig von | Koha-Medientyp |
|---|---|---|---|---|---|---|---|---|---|---|---|---|
| Andere/Generische Klassifikation | Stadtarchiv Frankfurt (Oder) | Archivbibliothek | Stadtarchiv Frankfurt (Oder) | Archivbibliothek | 25/11/2020 | II: 4008 | 25/11/2020 | 25/11/2020 | Aufsätze |